Ciertos cuentos / (Record no. 181405)
[ view plain ]
| 000 -LEADER | |
|---|---|
| campo de control de longitud fija | 01916nam a2200277 i 4500 |
| 001 - NÚMERO DE CONTROL | |
| campo de control | 181405 |
| 003 - IDENTIFICADOR DE NÚMERO DE CONTROL | |
| campo de control | ES-MaACL |
| 005 - FECHA Y HORA DE LA ÚLTIMA TRANSACCIÓN | |
| campo de control | 20250407063121.0 |
| 008 - DATOS DE LONGITUD FIJA--INFORMACIÓN GENERAL | |
| campo de control de longitud fija | 130114s2001 sp | |||| ||spa d |
| 020 ## - NÚMERO INTERNACIONAL ESTÁNDAR DEL LIBRO | |
| Número Internacional Estándar del Libro | 84-95418-10-X |
| 080 ## - NÚMERO DE LA CLASIFICACIÓN DECIMAL UNIVERSAL | |
| Número de la Clasificación Decimal Universal | 821.134.2-32"19" |
| 100 1# - ENTRADA PRINCIPAL--NOMBRE DE PERSONA | |
| Nombre de persona | Aub, Max, |
| Fechas asociadas al nombre | 1903-1972 |
| 9 (RLIN) | 23783 |
| 245 10 - MENCIÓN DEL TÍTULO | |
| Título | Ciertos cuentos / |
| Mención de responsabilidad, etc. | Max Aub ; edición, introducción y notas: Jesús S. Carrera Lacleta... [et al.] ; presentación José Luis Villacañas. |
| 250 ## - MENCION DE EDICION | |
| Mención de edición | [2ª ed.]. |
| 260 ## - PUBLICACIÓN, DISTRIBUCIÓN, ETC. | |
| Lugar de publicación, distribución, etc. | Segorbe, Valencia : |
| Nombre del editor, distribuidor, etc. | Fundación Max Aub : |
| -- | Dirección General del Libro y Coordinación Bibliotecaria, |
| Fecha de publicación, distribución, etc. | 2001. |
| 300 ## - DESCRIPCIÓN FÍSICA | |
| Extensión | 352 p. ; |
| Dimensiones | 18 cm. |
| 490 1# - MENCIÓN DE SERIE | |
| Mención de serie | Biblioteca "Max Aub" ; |
| Designación de volumen o secuencia | 2 |
| 500 ## - NOTA GENERAL | |
| Nota general | Nueva edición en 2001, por Fundación Max Aub y Dirección General del Libro de la Generalitat Valenciana. Presentación de José Luis Villacañas, estudio introductorio y notas del mismo equipo que la anterior, al que se incorporan Jesús S. Carrera Lacleta y Álvaro Romero Marco e ilustraciones de 16 artistas, 353 pp.]. ["El matrimonio" se publicó en Excélsior, 4 marzo 1956, p. 3. "Los pies por delante" publicado en América, 69, marzo 1954, pp. 229-245. "La ingratitud" ha sido incluido en Cien años de cuentos (1898-1998). Antología del cuento español en castellano. |
| 500 ## - NOTA GENERAL | |
| Nota general | Contiene: "La lancha", "Uba Opa", "La gabardina", "La falla", "La verdadera historia de los peces blancos de Pátzcuaro", "El silencio", "La ingratitud", "La bula", "El árbol", "La espina", "La verruga", "El matrimonio", "La pendiente", "Los pies por delante", "Pequeña historia marroquí", "Confesión de Prometeo N." |
| 700 1# - ENTRADA AGREGADA--NOMBRE PERSONAL | |
| Nombre de persona | Carrera Lacleta, Jesús S. |
| 9 (RLIN) | 152047 |
| 700 1# - ENTRADA AGREGADA--NOMBRE PERSONAL | |
| Nombre de persona | Villacañas Berlanga, José Luis, |
| Fechas asociadas al nombre | 1955- |
| 9 (RLIN) | 152048 |
| 830 0# - PUNTO DE ACCESO ADICIONAL DE SERIE-TÍTULO UNIFORME | |
| Título uniforme | Biblioteca "Max Aub" ; |
| Designación de volumen o secuencia | 2 |
| 9 (RLIN) | 191028 |
| 852 ## - LOCALIZACIÓN | |
| Ubicación | ES-MaACL |
| Número de control de estantería | A-12413 |
| Sublocalización o colección | R.148335 |
| Ubicación en estantería | Depósito 1 |
| Signatura antigua | Olim: N-5418 |
| 942 ## - ELEMENTOS DE ENTRADA SECUNDARIOS (KOHA) | |
| Fuente del sistema de clasificación o colocación | Clasificación decimal universal |
| Tipo de ítem Koha | Libro impreso |
| Estatus retirado | Estado de pérdida | Fuente del sistema de clasificación o colocación | Estado de daño | No para préstamo | Biblioteca de origen | Biblioteca actual | Ubicación en estantería | Fecha de adquisición | Fuente de adquisición | Total de préstamos | Signatura topográfica completa | Código de barras | Visto por última vez | Precio de reemplazo | Tipo de ítem Koha |
|---|---|---|---|---|---|---|---|---|---|---|---|---|---|---|---|
| Clasificación decimal universal | Biblioteca del Ateneo de Madrid | Biblioteca del Ateneo de Madrid | Depósito 1 | 14/01/2013 | Compra | A-12413 | 1190646 | 23/02/2023 | 23/02/2023 | Libro impreso |
